<?xml version="1.0" encoding="UTF-8"?>
<record
    xmlns:xsi="http://www.w3.org/2001/XMLSchema-instance"
    xsi:schemaLocation="http://www.loc.gov/MARC21/slim http://www.loc.gov/standards/marcxml/schema/MARC21slim.xsd"
    xmlns="http://www.loc.gov/MARC21/slim">

  <leader>01754nam a2200289 i 4500</leader>
  <controlfield tag="001">44787</controlfield>
  <controlfield tag="003">ES-MaACL</controlfield>
  <controlfield tag="005">20250806053931.0</controlfield>
  <controlfield tag="007">t|</controlfield>
  <controlfield tag="008">030324m19591967sp adfo      |||| | spa d</controlfield>
  <datafield tag="080" ind1=" " ind2=" ">
    <subfield code="a">616(02)</subfield>
  </datafield>
  <datafield tag="245" ind1="0" ind2="3">
    <subfield code="a">La cl&#xED;nica del presente </subfield>
    <subfield code="b">: un tratado siempre actual de medicina pr&#xE1;ctica / </subfield>
    <subfield code="c">dirigido por Rudolf Cobet, Kurt Gutzeit, Hans Erhard Bock ; con m&#xE1;s de doscientos colaboradores ; [traducciones... del alem&#xE1;n por los doctores J. Morales Belda, F. Ruiz Torres ... (et al.)].</subfield>
  </datafield>
  <datafield tag="250" ind1=" " ind2=" ">
    <subfield code="a">1&#xAA; ed. espa&#xF1;ola.</subfield>
  </datafield>
  <datafield tag="260" ind1=" " ind2=" ">
    <subfield code="a">Madrid : </subfield>
    <subfield code="b">Alhambra, </subfield>
    <subfield code="c">1959-1963.</subfield>
  </datafield>
  <datafield tag="300" ind1=" " ind2=" ">
    <subfield code="a">10 v. (h. de l&#xE1;m. col.) : </subfield>
    <subfield code="b">il., fot., gr&#xE1;f. ; </subfield>
    <subfield code="c">27 cm.</subfield>
  </datafield>
  <datafield tag="505" ind1="8" ind2=" ">
    <subfield code="a">Contiene: t. I-II (con 143 fig. y 2 l&#xE1;m.; con 188 fig. y 8 l&#xE1;m. col.) + &#xCD;ndice de materias de los t. I y II - t. III (con 88 fig. y 8 l&#xE1;m. col.) + &#xCD;ndice... t. I a III - t. IV (con 106 fig. y 5 l&#xE1;m. col.) + &#xCD;ndice... t. I a IV - t. V (con 149 fig. y 6 l&#xE1;m. col.) + &#xCD;ndice... t. I a V - t. VI (con 169 fig. y 3 l&#xE1;m. col.) + &#xCD;ndice... t. I a t. VI - t. VII (con 86 fig. y 6 l&#xE1;m. col.) + &#xCD;ndice de materias del t. VII - t. VIII (con 210 fig. y 7 l&#xE1;m. col.) + &#xCD;ndice... t. VIII - t. IX (con 219 fig. y 7 l&#xE1;m. col.) + &#xCD;ndice... t. IX - t. X (con 142 fig. y 15 l&#xE1;m. col.) + &#xCD;ndice de materias del t. X</subfield>
  </datafield>
  <datafield tag="525" ind1=" " ind2=" ">
    <subfield code="a">Suplementos intercalados en diversos v.</subfield>
  </datafield>
  <datafield tag="650" ind1="0" ind2="4">
    <subfield code="a">Patolog&#xED;a.</subfield>
    <subfield code="9">15884</subfield>
  </datafield>
  <datafield tag="650" ind1="0" ind2="7">
    <subfield code="a">Medicina cl&#xED;nica</subfield>
    <subfield code="2">embne</subfield>
    <subfield code="9">14921</subfield>
  </datafield>
  <datafield tag="700" ind1="1" ind2=" ">
    <subfield code="a">Cobet, Rudolf.</subfield>
    <subfield code="9">39341</subfield>
  </datafield>
  <datafield tag="700" ind1="1" ind2=" ">
    <subfield code="a">Gutzeit, Kurt.</subfield>
    <subfield code="9">161470</subfield>
  </datafield>
  <datafield tag="700" ind1="1" ind2=" ">
    <subfield code="a">Bock, Hans Erhard.</subfield>
    <subfield code="9">29676</subfield>
  </datafield>
  <datafield tag="700" ind1="1" ind2=" ">
    <subfield code="a">Morales Belda, J.    .</subfield>
    <subfield code="9">161471</subfield>
  </datafield>
  <datafield tag="700" ind1="1" ind2=" ">
    <subfield code="a">Ruiz Torres, Francisco.</subfield>
    <subfield code="9">100938</subfield>
  </datafield>
  <datafield tag="852" ind1=" " ind2=" ">
    <subfield code="a">ES-MaACL</subfield>
    <subfield code="j">L-31133-42 </subfield>
    <subfield code="z">- enc. cart. (troquelada)</subfield>
  </datafield>
  <datafield tag="999" ind1=" " ind2=" ">
    <subfield code="c">44787</subfield>
    <subfield code="d">44787</subfield>
  </datafield>
  <datafield tag="952" ind1=" " ind2=" ">
    <subfield code="0">0</subfield>
    <subfield code="1">0</subfield>
    <subfield code="4">0</subfield>
    <subfield code="7">0</subfield>
    <subfield code="a">ATENEOM</subfield>
    <subfield code="b">ATENEOM</subfield>
    <subfield code="c">DEPO2</subfield>
    <subfield code="d">2008-01-17</subfield>
    <subfield code="e">DON</subfield>
    <subfield code="l">0</subfield>
    <subfield code="o">L-31133-42</subfield>
    <subfield code="p">1047135</subfield>
    <subfield code="r">2023-02-23 00:00:00</subfield>
    <subfield code="w">2023-02-23</subfield>
    <subfield code="y">MONOGRAFIA</subfield>
  </datafield>
</record>
